Statistics for US Subdivision Topological Map

Click here to take the quiz!

General Stats

  • This quiz has been taken 16 times
  • The average score is 29 of 51

Answers on the Map

Answers color-coded by a green-red scale on the quiz's map according to % correct below.
 

Answer Stats

Answer% Correct
Alaska
93%
Maine
79%
California
71%
Florida
71%
Montana
71%
Oregon
71%
Washington
71%
Connecticut
64%
Georgia
64%
Idaho
64%
Massachusetts
64%
New York
64%
North Dakota
64%
Ohio
64%
Pennsylvania
64%
Rhode Island
64%
South Dakota
64%
Wyoming
64%
Alabama
57%
Arizona
57%
Colorado
57%
Hawaii
57%
Illinois
57%
Indiana
57%
Iowa
57%
Kansas
57%
Michigan
57%
Minnesota
57%
Nevada
57%
New Hempshire
57%
New Jersey
57%
New Mexico
57%
South Carolina
57%
Texas
57%
Utah
57%
Vermont
57%
Wisconsin
57%
Arkansas
50%
District of Columbia
50%
Louisiana
50%
Nebraska
50%
North Carolina
50%
Oklahoma
50%
Kentucky
43%
Maryland
43%
Mississippi
43%
West Virginia
43%
Delaware
36%
Missouri
36%
Tennessee
36%
Virginia
36%

Score Distribution

Percentile by Number Answered

Percent of People with Each Score

Your Score History

You have not taken this quiz